=LDR 00000nam 2200000 4500 =001 INLIS000000000048688 =005 20210308084051 =035 ##$$a 0010-121600000000074 =008 210308################g##########0#ind## =020 ##$$a 979-414-037-6 =040 ##$$a ind =082 ##$$a 306.34 =090 ##$$a 306.34.sej a2 =245 ##$$a Sejumlah masalah pemukiman kota =250 ##$$a cet.2 =260 ##$$a bandung :$b ALUMNI,$c 1992 =300 ##$$a X11 : $b 271 HLM ; $c 21x14 cm =850 ##$$a BPAP =084 ##$$a 306.34 SEJ =650 #4$$a Pemukiman kota =700 #$$a Penyunting, Prof.Ir.EKO BUDIHARDJO,MSc =990 ##$$a DW99006607